| 000 | 01354cam a2200361 a 4500 | ||
|---|---|---|---|
| 999 |
_c206941 _d206941 |
||
| 003 | BLK | ||
| 005 | 20241008171500.0 | ||
| 008 | 180411b bul|||||r ||||||| ||bul|| | ||
| 010 | _aKNG00216692000 | ||
| 020 | _a978-954-311-152-7 | ||
| 040 | _aBLK | ||
| 041 |
_aBUL _cBUL |
||
| 072 |
_9178275 _aН83 _xЧужда художествена литература Н |
||
| 080 |
_aНорвежка литература _b821.113.5 _x-31 _z821.113.5-31 |
||
| 100 | 1 |
_aКристенсен, Ларш Собю _eпърви автор _9294143 |
|
| 139 |
_aКристенсен, Ларш Собю _bК 90 |
||
| 245 | 1 | 0 |
_aСтръв _cЛарш Собю Кристенсен; прев. от норв. Анюта Качева. |
| 257 | _aBGR | ||
| 260 |
_c2016 _9209472 _aСофия _bВесела Люцканова _fХасково : Полиграфюг |
||
| 300 |
_a432 с. _c20 см |
||
| 380 | _aX | ||
| 500 | _aОриг. загл.: Sluk / Lars Saabye Christensen | ||
| 700 | 1 |
_aКачева, Анюта Бойкова _eпрев. от норв. _977863 |
|
| 765 | _aSluk / Lars Saabye Christensen | ||
| 852 | _aЦб 289277 | ||
| 856 | 4 | _qpdf | |
| 856 | 4 | _qpdf | |
| 942 |
_cKNG _n0 _s1 _06 |
||
| 944 |
_aCR _c08.03.2018 _k30575 _lМартин Енчев |
||
| 944 |
_aED _c2018-06-06 _kГГГ |
||
| 999 | _d206941 | ||
| 999 | _d206941 | ||